Sports Quiz

Random Sports or WWE Quiz
Score 0/28 Timer 06:00
0 Plays Today
Number Wrestler % Correct
1Sami Zayn
97.7%
4Kevin Owens
96.5%
6Finn Balor
94.2%
2Adrian Neville
94.1%
9Sin Cara
92.9%
3Tyler Breeze
91.7%
7Charlotte
90.4%
8Kalisto
90%
12Bayley
89.7%
13Sasha Banks
89.1%
15Enzo Amore
89.1%
28William Regal
88.7%
19Baron Corbin
86%
5Hideo Itami
85.3%
Number Wrestler % Correct
10Aiden English
85%
11Simon Gotch
83.4%
14Becky Lynch
81.2%
21Alexa Bliss
76.1%
20Bull Dempsey
74.8%
18Blue Pants
72.8%
25Mojo Rawley
71.1%
17Carmella
70.5%
26Jason Jordan
68%
24CJ Parker
67.8%
16Colin Cassady
64.4%
27Tye Dillinger
60.1%
22Sylvester LeFort
45.9%
23Marcus Louis
41.2%
Remove Ads.
Support Sporcle.
Get the best of Sporcle when you Go Orange. This ad-free experience offers more features, more stats, and more fun while also helping to support Sporcle. Thank you for becoming a member.

You're not logged in!

Compare scores with friends on all Sporcle quizzes.
OR
Log In

Show Comments

Extras

Top Quizzes Today


Score Distribution

Your Account Isn't Verified!

In order to create a playlist on Sporcle, you need to verify the email address you used during registration. Go to your Sporcle Settings to finish the process.

Report this User

Report this user for behavior that violates our Community Guidelines.

Details: